[Event "16th Voronezh Master Open"]
[Site "Voronezh RUS"]
[Date "2012.06.16"]
[Round "5.20"]
[White "Travkina,A"]
[Black "Kunin,V"]
[Result "0-1"]
[WhiteElo "2161"]
[BlackElo "2513"]

1.e4 c5 2.Nf3 Nc6 3.d4 cxd4 4.Nxd4 e6 5.Nc3 Qc7 6.Be3 a6 7.Be2 Nf6 8.O-O Be7
9.f4 d6 10.a4 Bd7 11.Kh1 O-O 12.Bd3 Nxd4 13.Bxd4 e5 14.Be3 Bc6 15.Qe1 Rfe8
16.fxe5 dxe5 17.Qg3 Kh8 18.Nd5 Bxd5 19.exd5 Qd7 20.c4 e4 21.Be2 Bd6 22.Bf4 Bxf4
23.Rxf4 Qd6 24.Qe3 Qe5 25.Rb1 b5 26.b3 Rab8 27.Rff1 Rb7 28.axb5 axb5 29.Ra1 bxc4
30.bxc4 Reb8 31.Rad1 Rb3 32.Qa7 Rb2 33.d6 h5 34.Qxf7 Rxe2 35.d7 Rd8 36.Qg6 Ng4
37.Rf4 Qxf4 38.Qxh5+ Kg8 39.Qe8+ Qf8 40.Qe6+ Qf7  0-1

[Event "3rd Forni di Sopra Open"]
[Site "Forni di Sopra ITA"]
[Date "2012.06.17"]
[Round "2.26"]
[White "Callier,C"]
[Black "Vasquez Ramirez,R"]
[Result "1-0"]
[WhiteElo "2034"]
[BlackElo "2149"]

1.e4 c5 2.Nf3 e6 3.d4 cxd4 4.Nxd4 Nc6 5.Nc3 Qc7 6.Be3 a6 7.Be2 Nf6 8.O-O Be7
9.f4 d6 10.Bf3 Na5 11.Kh1 Nc4 12.Bc1 h5 13.b3 Nb6 14.Bb2 h4 15.a4 h3 16.g3 Bd7
17.a5 Nc8 18.e5 dxe5 19.fxe5 Qxe5 20.Bxb7 Ra7 21.Bf3 Qc7 22.Ne4 Nd6 23.Nxf6+ gxf6
24.c4 e5 25.Nc2 Nb7 26.Ne3 Be6 27.Nd5 Bxd5 28.Bxd5 Nxa5 29.Bxe5 Qxe5 30.Rxa5 Kf8
31.Ra2 Bb4 32.Raf2 Bc3 33.Rf5 Qd4 34.Qf3 Qd2 35.Bb7 Rh6 36.Qc6 Kg7 37.Qb6 Bd4
38.c5 Qc2 39.Qxa7 Rh5  1-0

[Event "National Open 2012"]
[Site "Las Vegas USA"]
[Date "2012.06.17"]
[Round "6"]
[White "Perunovic,Mil"]
[Black "Diamant,A"]
[Result "1-0"]
[WhiteElo "2577"]
[BlackElo "2472"]

1.e4 c5 2.Nf3 e6 3.d4 cxd4 4.Nxd4 Nc6 5.Nc3 Qc7 6.Be2 a6 7.O-O Nf6 8.Be3 Bb4
9.Nxc6 bxc6 10.Qd4 Be7 11.e5 Nd5 12.Nxd5 cxd5 13.c4 Bb7 14.Rac1 Qb8 15.Bf3 dxc4
16.Rfd1 O-O 17.Bxb7 Qxb7 18.Qxd7 Rab8 19.Qxb7 Rxb7 20.Rd2 Rc8 21.Rdc2 f6
22.b3 fxe5 23.Rxc4 Rxc4 24.Rxc4 a5 25.Kf1 Kf7 26.Ke2 Kf6 27.Kd3 h5 28.h3 Rd7+
29.Ke2 Kg6 30.Bd2 Rd5 31.Bc3 Bg5 32.f3 Bd8 33.Rc6 Kf7 34.Ra6 Rc5 35.Kd3 e4+
36.fxe4 Rg5 37.Ra7+ Kf8 38.Ra8 Ke7 39.Ra7+ Kf8 40.g4 hxg4 41.hxg4 Rxg4 42.Bxa5 Bf6
43.Bb4+ Ke8 44.Bd6  1-0

[Event "65th ch-RUS HL w"]
[Site "Tyumen RUS"]
[Date "2012.06.17"]
[Round "2"]
[White "Severiukhina,Z"]
[Black "Girya,O"]
[Result "0-1"]
[WhiteElo "2337"]
[BlackElo "2414"]

1.e4 c5 2.Nf3 Nc6 3.Nc3 e6 4.d4 cxd4 5.Nxd4 Qc7 6.Be3 Nf6 7.Qd2 a6 8.f3 Be7
9.g4 b5 10.g5 Nh5 11.O-O-O O-O 12.Rg1 Nxd4 13.Bxd4 Nf4 14.Be3 Ng6 15.f4 b4
16.Na4 d6 17.h4 Re8 18.h5 Nf8 19.h6 g6 20.Nb6 Rb8 21.Nc4 Bb7 22.f5 exf5 23.exf5 gxf5
24.Bf4 Rbd8 25.Qxb4 Be4 26.Bd3 Ne6 27.Bh2 Qc5 28.Qxc5 dxc5 29.Bxe4 Rxd1+
30.Kxd1 fxe4 31.c3 Rd8+ 32.Ke2 Rd5 33.Ke3 Nxg5 34.Bf4 Kf8 35.a4 Rd3+ 36.Ke2 Ne6
37.Be5 f6 38.Bb8 Kf7 39.Rg4 f5 40.Rg1 Rd8 41.Ne5+ Kf6 42.Nc6 Rc8 43.Be5+ Kf7
44.Nxe7 Kxe7 45.Rf1 Rf8 46.Ke3 c4 47.a5 Nc5 48.Bg7 Rf7 49.Kd4 Nb3+ 50.Ke5 e3
51.Kf4 Nxa5 52.Kxe3 Nc6 53.Rf4 Na5 54.Rf1 Nc6 55.Ra1 a5 56.Ra4 Ke6 57.Rxc4 Kd5
58.Rh4 Rb7 59.Kf4 Ne7 60.Kg5 Ke6 61.Rh2 Rb5 62.Re2+ Kf7 63.c4 Rc5 64.Rc2 Ke6
65.b3 Kf7 66.Re2 a4 67.Bd4 Rc6 68.c5 axb3 69.Rb2 Rg6+ 70.Kh5 Rg4 71.Be3 Nd5
72.Bg5 Rg3 73.Kh4 Rc3 74.c6 Kg6 75.Bd8 Nf4 76.Rh2 b2  0-1

[Event "ch-FIN 2012"]
[Site "Helsinki FIN"]
[Date "2012.06.18"]
[Round "8"]
[White "Nouro,M"]
[Black "Nyysti,S"]
[Result "1/2-1/2"]
[WhiteElo "2330"]
[BlackElo "2341"]

1.e4 c5 2.Nf3 e6 3.d4 cxd4 4.Nxd4 Nc6 5.Nc3 Qc7 6.g3 a6 7.Bg2 Nf6 8.O-O h5
9.Re1 Nxd4 10.Qxd4 Bc5 11.Bf4 d6 12.Qd2 Ng4 13.Nd1 e5 14.Bg5 f6 15.Be3 Nxe3
16.Nxe3 Be6 17.c3 h4 18.Rad1 O-O-O 19.b4 Ba7 20.c4 Kb8 21.b5 Bd4 22.bxa6 bxa6
23.Nf5 hxg3 24.Nxd4 gxh2+ 25.Kh1 exd4 26.Rb1+ Ka7 27.Qxd4+ Qc5 28.Qxc5+ dxc5
29.e5 Rd7 30.exf6 Bxc4 31.Re7 Rxe7 32.fxe7 a5 33.Rc1 Bxa2 34.Rxc5 Kb6 35.Rc6+ Kb5
36.Rg6 Kc5 37.Rc6+ Kb5 38.Rg6 Kc5 39.Rc6+ Kb5  1/2-1/2

[Event "16th Voronezh Master Open"]
[Site "Voronezh RUS"]
[Date "2012.06.18"]
[Round "6.10"]
[White "Grigoriants,S RUS"]
[Black "Kalegin,E"]
[Result "1-0"]
[WhiteElo "2557"]
[BlackElo "2482"]

1.e4 c5 2.Nf3 e6 3.d4 cxd4 4.Nxd4 Nc6 5.Nc3 Qc7 6.Be3 Nf6 7.f4 Bb4 8.Nb5 Qa5
9.e5 Nd5 10.Bd2 Nxc3 11.Nxc3 d5 12.Bd3 Qb6 13.Qg4 g6 14.O-O-O Bd7 15.Kb1 a6
16.Qh4 Be7 17.Qe1 Nb4 18.Be3 Bc5 19.Bxc5 Qxc5 20.a3 Nxd3 21.Rxd3 Rc8 22.Qd2 Bb5
23.Rd4 Qb6 24.Rd1 Rc4 25.Rxc4 Bxc4 26.g4 h5 27.f5 hxg4 28.fxg6 fxg6 29.Qg5 Qc7
30.Qf6 Rxh2 31.Qxe6+ Kf8 32.Qxg6 Qxe5 33.Qxg4 b5 34.Qc8+ Kf7 35.Qb7+ Kf6
36.Qc6+ Kf7 37.Qb7+ Kf8 38.Qa8+ Kf7 39.Qa7+ Qe7 40.Qb8 Qh4 41.Qc7+ Kf8 42.Qc5+ Kf7
43.b3 Qh7 44.Qc7+  1-0

[Event "16th Voronezh Master Open"]
[Site "Voronezh RUS"]
[Date "2012.06.18"]
[Round "6.12"]
[White "Belyakov,B"]
[Black "Geller,J"]
[Result "0-1"]
[WhiteElo "2312"]
[BlackElo "2538"]

1.e4 c5 2.Nf3 e6 3.Nc3 Nc6 4.d4 cxd4 5.Nxd4 Qc7 6.f4 Nxd4 7.Qxd4 a6 8.Qd3 b5
9.Be2 Bb7 10.a3 Rc8 11.Bf3 Bc5 12.Be3 Bxe3 13.Qxe3 Ne7 14.Rd1 O-O 15.O-O Rfd8
16.Rd2 Nc6 17.Rfd1 Na5 18.Be2 d6 19.h3 h6 20.Bf1 Nc6 21.Bxb5 axb5 22.Nxb5 Qe7
23.Nxd6 Rb8 24.e5 Ba8 25.b4 Qh4 26.c4 Ne7 27.b5 Nf5 28.Nxf5 exf5 29.a4 Rxd2
30.Rxd2 Be4 31.c5 Rd8 32.c6 Rxd2 33.Qxd2 Qe7 34.a5 Qc5+ 35.Kh2 Qxb5 36.c7 Qc4
37.Qd7 Bb7 38.Qxf5 Qc6 39.Qg4 Qxc7 40.e6 Qe7 41.exf7+ Qxf7 42.Qg3 Qd5 43.Qg6 Qxa5
44.Qe6+ Kh7 45.f5 Qc7+ 46.Kg1 Qc1+ 47.Kh2 Qg5 48.g4 Qf4+  0-1

[Event "5th Karen Asrian Memorial"]
[Site "Jermuk ARM"]
[Date "2012.06.19"]
[Round "4.10"]
[White "Oparin,G"]
[Black "Harutyunian,T"]
[Result "1-0"]
[WhiteElo "2494"]
[BlackElo "2252"]

1.e4 c5 2.Nf3 e6 3.d4 cxd4 4.Nxd4 Nc6 5.Nc3 Qc7 6.Be2 a6 7.O-O Nf6 8.Be3 Bb4
9.Na4 Be7 10.Nxc6 bxc6 11.Nb6 Rb8 12.Nxc8 Qxc8 13.Bd4 Qc7 14.e5 Nd5 15.c4 Nf4
16.g3 c5 17.Bc3 Nh3+ 18.Kg2 Ng5 19.Qd3 Qc6+ 20.f3 f6 21.exf6 Bxf6 22.b3 Bxc3
23.Qxc3 O-O 24.Rad1 Rbd8 25.Rd2 Nf7 26.Rfd1 Nh6 27.Rd6 Qc8 28.Bd3 Nf7 29.Rb6 Qc7
30.Rxa6 Qb7 31.Ra5 Ng5 32.Be2 d6 33.Qe3 Nf7 34.Bd3 Ne5 35.Qe4 Qc7 36.Qxh7+ Kf7
37.Rb5 Rh8 38.Qe4 Nc6 39.Qf4+ Kg8 40.Be4 Rh6 41.Bxc6 Qxc6 42.Qe4 d5 43.Qe5 Rf6
44.Rb8 Rxb8 45.Qxb8+ Rf8 46.Qb5 Qa8 47.Rf1 d4 48.Qxc5 d3 49.Qe3 Qxa2+ 50.Rf2 Qxb3
51.Qxe6+ Kh8 52.Rd2 Rd8 53.Qe4 Kg8 54.c5 Qc3 55.Qe3 Kh8 56.h4 Kg8 57.g4 Kh8
58.h5 Kg8 59.Kg3 Qc4 60.c6 Qxc6 61.Rxd3 Qc7+ 62.Kh3 Rxd3 63.Qxd3 Qc1 64.Qd4 Qe1
65.Kg2 Qe2+ 66.Qf2 Qe6 67.Qd2 Kh8 68.Qd3 Qe1 69.f4 Qh4 70.Qf3 Qd8 71.g5 Kh7
72.Qe4+ Kh8 73.Kg3 Qc8 74.Qe3 Qc6 75.Qd4 Qe8 76.Qd1 Qe3+ 77.Qf3 Qg1+ 78.Kh3 Qa1
79.g6 Qa5 80.f5 Qd5 81.Kg3 Qd6+ 82.Qf4 Qd3+ 83.Kh4 Qb1 84.Qf3 Qb4+ 85.Kh3 Qb3
86.Kg3 Qb8+ 87.Kg4 Qb4+ 88.Qf4 Qb1 89.Qd4 Qb8 90.h6  1-0

[Event "Paleros Open"]
[Site "Paleros GRE"]
[Date "2012.06.19"]
[Round "5"]
[White "Kouis,Marios"]
[Black "Dorfanis,I"]
[Result "0-1"]
[WhiteElo "1801"]
[BlackElo "2225"]

1.e4 c5 2.Nf3 e6 3.d4 cxd4 4.Nxd4 Nc6 5.Nc3 Qc7 6.g3 a6 7.Bg2 d6 8.O-O Bd7
9.Be3 Nf6 10.a4 Na5 11.Re1 Be7 12.f4 O-O 13.Bf2 Nc4 14.Qf3 Rac8 15.e5 dxe5
16.fxe5 Nxe5 17.Qxb7 Neg4 18.Qxc7 Rxc7 19.Nce2 e5 20.Nb3 Nxf2 21.Kxf2 Rxc2  0-1

[Event "65th ch-RUS HL"]
[Site "Tyumen RUS"]
[Date "2012.06.19"]
[Round "4.8"]
[White "Frolyanov,D"]
[Black "Matlakov,M"]
[Result "1-0"]
[WhiteElo "2564"]
[BlackElo "2668"]

1.e4 c5 2.Nf3 e6 3.d4 cxd4 4.Nxd4 Nc6 5.Nc3 d6 6.g4 a6 7.Be3 Nge7 8.Nb3 b5
9.f4 Bb7 10.Qf3 Na5 11.O-O-O Rc8 12.Nc5 Nec6 13.Nxb7 Nxb7 14.Kb1 Be7 15.g5 Qc7
16.Qf2 Nba5 17.h4 Nc4 18.Bc1 b4 19.Ne2 O-O 20.Rh3 Na7 21.Nd4 Nb5 22.Bxc4 Qxc4
23.Nxb5 Qxb5 24.f5 Qe5 25.f6 gxf6 26.Bf4 Qxe4 27.gxf6 Bxf6 28.Rg3+ Kh8 29.Bxd6 Bxh4
30.Bxf8 Rxf8 31.Qc5 Ra8 32.Rh3 Bf6 33.Rdh1 Rd8 34.Qc7 Kg8 35.Rg1+ Kf8 36.Rhg3  1-0

[Event "TCh-POR Div 1 Final"]
[Site "Matosinhos POR"]
[Date "2012.06.21"]
[Round "1.4.1"]
[White "Vasques,A"]
[Black "Luch,M"]
[Result "1/2-1/2"]
[WhiteElo "2214"]
[BlackElo "2426"]

1.e4 c5 2.Nf3 e6 3.d4 cxd4 4.Nxd4 Nc6 5.Nc3 Qc7 6.Be3 a6 7.Bd3 Nf6 8.O-O h5
9.h3 b5 10.Nxc6 Qxc6 11.e5 Bb7 12.Qf3 Qxf3 13.gxf3 b4 14.Na4 Nd5 15.Be4 Bc6
16.c4 Nxe3 17.Bxc6 dxc6 18.fxe3 O-O-O 19.Rad1 Be7 20.Kf2 c5 21.Ke2 Kc7 22.b3 Kc6
23.Nb2 a5 24.Rg1 g6 25.Nd3 Rd7 26.Nf2 Ra8 27.Ne4  1/2-1/2

[Event "65th ch-RUS HL"]
[Site "Tyumen RUS"]
[Date "2012.06.21"]
[Round "6"]
[White "Stukopin,A"]
[Black "Timofeev,Arty"]
[Result "1/2-1/2"]
[WhiteElo "2502"]
[BlackElo "2641"]

1.e4 c5 2.Nf3 e6 3.d4 cxd4 4.Nxd4 Nc6 5.Nc3 Qc7 6.Be2 Nf6 7.O-O a6 8.Be3 Be7
9.f4 d6 10.a4 O-O 11.Kh1 Re8 12.Bf3 Rb8 13.g4 Bf8 14.g5 Nd7 15.Bg2 b6 16.Qh5 Bb7
17.Rf3 g6 18.Qh4 Bg7 19.Rd1 Rbd8 20.Rh3 Nf8 21.Nde2 Ne7 22.Qf2 Nd7 23.Qh4 Nf8
24.Qf2 Nd7 25.Qh4 Nf8  1/2-1/2

[Event "Teplice Open 2012"]
[Site "Teplice CZE"]
[Date "2012.06.22"]
[Round "7.11"]
[White "Kratochvil,Jo"]
[Black "Ponizil,C"]
[Result "1-0"]
[WhiteElo "2231"]
[BlackElo "2404"]

1.e4 c5 2.Nf3 Nc6 3.Nc3 e6 4.d4 cxd4 5.Nxd4 Qc7 6.Be3 Nf6 7.Be2 a6 8.O-O Bb4
9.Na4 O-O 10.Nxc6 bxc6 11.Nb6 Rb8 12.Nxc8 Rfxc8 13.Bxa6 Rd8 14.Bd3 Bd6 15.f4 e5
16.f5 Rxb2 17.g4 Qa5 18.g5 Ne8 19.Kh1 Bc5 20.Bd2 Bb4 21.Bxb4 Qxb4 22.Qh5 d5
23.Rae1 Qd6 24.Re3 Rb4 25.Rh3 dxe4 26.f6 gxf6 27.gxf6 Nxf6 28.Qg5+ Kf8 29.Rxf6 Rb1+
30.Bf1 Qd2 31.Rxf7+ Kxf7 32.Rxh7+ Ke6 33.Re7+ Kd6 34.Qxe5+  1-0

[Event "HSG Open A 2012"]
[Site "Hilversum NED"]
[Date "2012.06.23"]
[Round "3.3"]
[White "Dgebuadze,A"]
[Black "Brink,B"]
[Result "1/2-1/2"]
[WhiteElo "2558"]
[BlackElo "2201"]

1.e4 c5 2.Nc3 e6 3.Nf3 Nc6 4.d4 cxd4 5.Nxd4 Qc7 6.g3 a6 7.Bg2 d6 8.O-O Bd7
9.Nxc6 Bxc6 10.Re1 Be7 11.Ne2 Nf6 12.Nd4 O-O 13.c4 Rfd8 14.Bd2 Be8 15.Rc1 Nd7
16.b3 Ne5 17.Bc3 Nc6 18.Nc2 b5 19.Ne3 Qb6 20.h4 Bf8 21.Qd2 b4 22.Bb2 a5 23.Ng4 Ne5
24.Bd4 Qc7 25.Ne3 a4 26.Nc2 axb3 27.axb3 Nc6 28.Be3 Ra2 29.Ra1 Rda8 30.Rxa2 Rxa2
31.Ra1 Qa5 32.Qd1 g6 33.Qb1 Rxa1 34.Nxa1 Bg7 35.Nc2 Bc3 36.Bf4 Ne5 37.Qd1 Qb6
38.Be3 Qa6 39.Nd4 h5 40.Ne2  1/2-1/2

[Event "65th ch-RUS HL"]
[Site "Tyumen RUS"]
[Date "2012.06.23"]
[Round "7"]
[White "Panarin,M"]
[Black "Prizant,Ja"]
[Result "1/2-1/2"]
[WhiteElo "2538"]
[BlackElo "2524"]

1.e4 c5 2.Nf3 e6 3.d4 cxd4 4.Nxd4 Nc6 5.Nc3 d6 6.Be3 Nf6 7.f3 Be7 8.Qd2 O-O
9.g4 Nxd4 10.Bxd4 a6 11.O-O-O b5 12.Kb1 Nd7 13.h4 Qc7 14.g5 b4 15.Ne2 Ne5
16.f4 Nc4 17.Qd3 a5 18.Nc1 Ba6 19.Qg3 Rfc8 20.Bxc4 Qxc4 21.Qg2 Bb7 22.Rhe1 a4
23.b3 Qb5 24.Qf2 axb3 25.axb3 d5 26.exd5 Rc3 27.Bxc3 bxc3 28.Qd4 Qa5 29.Qa4 Qb6
30.Qd4 Qa5 31.Qa4 Qb6 32.Qd4 Qa5 33.Qa4  1/2-1/2

[Event "65th ch-RUS HL"]
[Site "Tyumen RUS"]
[Date "2012.06.23"]
[Round "7"]
[White "Popov,Iv RUS"]
[Black "Grachev,B"]
[Result "1/2-1/2"]
[WhiteElo "2609"]
[BlackElo "2680"]

1.e4 c5 2.Nf3 e6 3.d4 cxd4 4.Nxd4 Nc6 5.Nc3 Qc7 6.Be3 a6 7.Qd2 Nf6 8.O-O-O Nxd4
9.Qxd4 Ng4 10.Qb6 Qc6 11.Qxc6 bxc6 12.Bb6 d5 13.Be2 Nf6 14.Bf3 Bd6 15.Na4 O-O
16.Bc5 Bxc5 17.Nxc5 Rb8 18.c4 Rb4 19.b3 dxc4 20.Rd4 e5 21.Rxc4 Rxc4+ 22.bxc4 Nd7
23.Na4 Nf6 24.Nc5 Nd7 25.Nxd7 Bxd7 26.Kc2 Be6 27.Kc3 Rb8 28.Rd1 Kf8 29.Rd6 Rc8
30.Kb4 Rb8+ 31.Kc3 Rc8 32.Be2 a5 33.Rd2 Ke7 34.c5 Rc7 35.a3 Rb7 36.Rb2 Rd7
37.Rd2 Rb7 38.Rb2 Rd7 39.Rd2 Rb7 40.Rb2  1/2-1/2

[Event "15th Vins du Medoc"]
[Site "Naujac sur Mer FRA"]
[Date "2012.06.24"]
[Round "1.9"]
[White "Kramer,Julian"]
[Black "Fantinel,T"]
[Result "0-1"]
[WhiteElo "2052"]
[BlackElo "2279"]

1.e4 c5 2.Nf3 e6 3.d4 cxd4 4.Nxd4 Nc6 5.Nc3 Qc7 6.Be3 a6 7.Qd2 Nf6 8.O-O-O Bb4
9.f3 Ne5 10.Nb3 b5 11.Qe1 Be7 12.Kb1 Rb8 13.Qf2 Nc4 14.Ba7 Rb7 15.Bd4 e5
16.Be3 Nxb2 17.Kxb2 Ba3+ 18.Kxa3 Qxc3 19.Bc5 b4+ 20.Ka4 d5 21.Bxa6 Rb8 22.Rd3 Qb2
23.Bxb4 Bd7+  0-1

[Event "62nd ch-RUS HL w"]
[Site "Tyumen RUS"]
[Date "2012.06.24"]
[Round "8"]
[White "Ubiennykh,E"]
[Black "Girya,O"]
[Result "1-0"]
[WhiteElo "2336"]
[BlackElo "2414"]

1.e4 c5 2.Nf3 Nc6 3.Nc3 e6 4.d4 cxd4 5.Nxd4 Qc7 6.Be3 Nf6 7.f4 Bb4 8.Nb5 Qa5
9.e5 Nd5 10.Bd2 Nxc3 11.bxc3 Bc5 12.Bd3 a6 13.Nd4 d5 14.Nb3 Qb6 15.Qg4 g6
16.a4 Na5 17.Ke2 Bd7 18.Nxa5 Qxa5 19.c4 Qc7 20.cxd5 exd5 21.Qh4 Bc6 22.Rhe1 d4
23.f5 O-O 24.Kd1 Rfe8 25.Bf4 Bd5 26.Rb1 b5 27.Re2 bxa4 28.e6 Bd6 29.Bxd6 Qxd6
30.Rb7 Reb8 31.exf7+ Bxf7 32.Re6 Qd8 33.Rbe7 Rb1+ 34.Ke2 Qd5 35.Kf2 Rf8 36.Qf6 Rbb8
37.Kg3 gxf5 38.Bxf5 a3 39.Bxh7+ Kxh7 40.Qh6+ Kg8 41.Rg6+  1-0

[Event "62nd ch-RUS HL w"]
[Site "Tyumen RUS"]
[Date "2012.06.24"]
[Round "8"]
[White "Severiukhina,Z"]
[Black "Timofeeva,Ekaterina"]
[Result "1/2-1/2"]
[WhiteElo "2337"]
[BlackElo "2273"]

1.e4 c5 2.Nf3 e6 3.d4 cxd4 4.Nxd4 Nc6 5.Nc3 Qc7 6.f4 a6 7.Nxc6 Qxc6 8.Bd3 b5
9.Qe2 Bb7 10.Bd2 Bc5 11.O-O-O Ne7 12.Qh5 g6 13.Qg5 O-O-O 14.Kb1 f5 15.a3 h6
16.Qg3 Qb6 17.Rhf1 Bc6 18.Rde1 a5 19.Na2 Kb7 20.Nc1 b4 21.Nb3 Rb8 22.Nxc5+ Qxc5
23.Be3 Qd6 24.Qf2 Qc7 25.Bd4 Rhc8 26.axb4 axb4 27.Bc5 fxe4 28.Qd4 exd3 29.Qxb4+ Ka6
30.Qa3+ Qa5 31.Qxd3+ Bb5 32.Qd6+ Nc6 33.Re3 Qc7 34.Ra3+ Kb7 35.Qd1 Ra8 36.Rb3 Qa5
37.Ra3 Ba4 38.Qd6 Nb8 39.Rxa4 Qxc5 40.Rb4+ Ka7 41.Ra4+ Kb7 42.Rb4+ Ka7 43.Ra4+  1/2-1/2

[Event "20th Montcada Open"]
[Site "Montcada i Reixac ESP"]
[Date "2012.06.25"]
[Round "1.4"]
[White "Navarro Lopez Menchero,D"]
[Black "Aroshidze,L"]
[Result "0-1"]
[WhiteElo "2230"]
[BlackElo "2582"]

1.e4 c5 2.Nf3 e6 3.d4 cxd4 4.Nxd4 Nc6 5.Nc3 Qc7 6.Be3 a6 7.Qd2 Nf6 8.f3 Ne5
9.g4 h6 10.g5 hxg5 11.Bxg5 b5 12.O-O-O Bb7 13.Kb1 b4 14.Nce2 Rc8 15.Ng3 Nxf3
16.Nxf3 Nxe4 17.Nxe4 Bxe4 18.Be2 b3 19.Rc1 bxc2+ 20.Ka1 Qb7 21.Rhf1 f6 22.Bf4 Rh3
23.Bg3 Rh5 24.Bd3 Rf5 25.Bxe4 Qxe4 26.Qe1 Qa4 27.Qe3 Ra5 28.a3 Bxa3 29.bxa3 Qb4
30.Ka2 Rc3  0-1

[Event "65th ch-RUS HL"]
[Site "Tyumen RUS"]
[Date "2012.06.25"]
[Round "9"]
[White "Demchenko,A"]
[Black "Shimanov,A"]
[Result "1-0"]
[WhiteElo "2575"]
[BlackElo "2600"]

1.e4 c5 2.Nf3 Nc6 3.Nc3 e6 4.d4 cxd4 5.Nxd4 Qc7 6.Be3 a6 7.Be2 Nf6 8.O-O Be7
9.f4 d6 10.Kh1 O-O 11.Qe1 Bd7 12.Qg3 Kh8 13.Rad1 b5 14.a3 Rac8 15.Rd2 Qb8
16.Nf3 e5 17.fxe5 dxe5 18.Bd3 Nh5 19.Qf2 Nf6 20.Qg3 Nh5 21.Qe1 Be6 22.Nd5 Nf4
23.Nxe5 Qxe5 24.Bxf4 Qxb2 25.Nxe7 Nxe7 26.Bd6 Rfe8 27.e5 Qc3 28.Bxe7 Rxe7
29.Qh4 h6 30.Rdf2 Rd7 31.Qe4 Rxd3 32.Qxd3 Qxd3 33.cxd3 Rc3 34.Rd2 Rxa3 35.d4 Bc4
36.Re1 Kg8 37.d5 Kf8 38.Kg1 Ke7 39.e6 fxe6 40.Rxe6+ Kd7 41.Rg6 Bd3 42.Rg3 Ra1+
43.Kf2 Be4 44.Rxg7+ Kd6 45.Rf7 b4 46.Rf4 Bxd5 47.Rxb4 Kc5 48.Rh4 Bb3 49.Rb2 Bf7
50.Rxh6 a5 51.Rc2+ Kb5 52.Rc7 Bd5 53.g4 a4 54.Rh5 Kb6 55.Rc3 Bg8 56.Rg5 Bf7
57.Re5 a3 58.Rf3 Bc4 59.Rf6+ Kc7 60.Rc5+  1-0

[Event "65th ch-RUS HL"]
[Site "Tyumen RUS"]
[Date "2012.06.25"]
[Round "9"]
[White "Panarin,M"]
[Black "Potkin,V"]
[Result "1/2-1/2"]
[WhiteElo "2538"]
[BlackElo "2642"]

1.e4 c5 2.Nf3 e6 3.d4 cxd4 4.Nxd4 Nc6 5.Nc3 a6 6.Nxc6 bxc6 7.e5 Qc7 8.f4 d6
9.exd6 Bxd6 10.Ne4 Be7 11.Qf3 Nf6 12.Bd3 Bb7 13.O-O c5 14.b3 Rc8 15.Rb1 O-O
16.c4 Rcd8 17.Bb2 Qc6 18.Nxf6+ Bxf6 19.Bxh7+ Kxh7 20.Qh3+ Kg8 21.Bxf6 Rd3
22.Rf3 Rxf3 23.Qg4 Rf1+ 24.Rxf1 Qxg2+ 25.Qxg2 Bxg2 26.Bxg7 Kxg7 27.Kxg2 Rd8
28.Kf3 f5 29.Re1 Kf6 30.h3 Rd3+ 31.Re3 Rd1 32.a3 Rf1+ 33.Kg3 Ra1 34.b4 cxb4
35.axb4 Rb1 36.Rc3 Rxb4 37.c5 a5 38.c6 Rb8 39.Ra3 Rc8 40.Rxa5 Rxc6 41.Ra3  1/2-1/2

[Event "65th ch-RUS HL"]
[Site "Tyumen RUS"]
[Date "2012.06.26"]
[Round "10"]
[White "Kurnosov,I"]
[Black "Panarin,M"]
[Result "1/2-1/2"]
[WhiteElo "2663"]
[BlackElo "2538"]

1.e4 c5 2.Nf3 Nc6 3.Nc3 e6 4.d4 cxd4 5.Nxd4 Qc7 6.Be3 a6 7.Qd2 Nf6 8.O-O-O Be7
9.f3 O-O 10.g4 b5 11.g5 Nh5 12.Kb1 Ne5 13.f4 Ng4 14.e5 Bb7 15.Rg1 Nxe3 16.Qxe3 b4
17.Ne4 Bxe4 18.Qxe4 g6 19.f5 Bc5 20.f6 d6 21.exd6 Bxd6 22.Be2 Nf4 23.h4 Bc5
24.h5 e5 25.hxg6 fxg6 26.Bc4+ Kh8 27.f7 exd4 28.Rh1 Bd6 29.Rxd4 h5 30.gxh6 Kh7
31.Rhd1 Rad8 32.a4 bxa3 33.bxa3 a5 34.a4 Qe7 35.Ka2 Qxe4 36.Rxe4 Kxh6 37.Rxd6 Rxd6
38.Rxf4 g5 39.Re4 Rg6 40.Be6 Kg7 41.c4 Rxf7 42.Bxf7  1/2-1/2

[Event "62nd ch-RUS HL w"]
[Site "Tyumen RUS"]
[Date "2012.06.26"]
[Round "10"]
[White "Sazonova,E"]
[Black "Sazonova,A"]
[Result "1/2-1/2"]
[WhiteElo "2159"]
[BlackElo "1963"]

1.e4 c5 2.Nf3 e6 3.d4 cxd4 4.Nxd4 Nc6 5.Nc3 a6 6.Nxc6 bxc6 7.Bd3 d5 8.O-O Nf6
9.Re1 Be7 10.e5 Nd7 11.Qg4 g6 12.Bh6 Rb8 13.b3 Bb4 14.Bd2 Qa5 15.a3 Bxc3
16.b4 Bxb4 17.Bxb4 Qa4 18.Qd4 a5 19.Qa7 c5 20.Bxc5 Rb7 21.Qa8 Rb8 22.Qa7 Rb7
23.Qa8 Rb8 24.Qa7  1/2-1/2

[Event "Stockholm Master Open 2012"]
[Site "Stockholm SWE"]
[Date "2012.06.28"]
[Round "1.14"]
[White "Olofsson-Dolk,Mattis"]
[Black "Johansson,G1"]
[Result "0-1"]
[WhiteElo "2002"]
[BlackElo "2224"]

1.e4 c5 2.Nf3 e6 3.d4 cxd4 4.Nxd4 Nc6 5.Nc3 Qc7 6.Be3 a6 7.Bd3 Nf6 8.O-O Ne5
9.Nf3 d6 10.Nxe5 dxe5 11.a4 b6 12.f3 Bc5 13.Bxc5 Qxc5+ 14.Kh1 O-O 15.Nb1 Bb7
16.Nd2 Nh5 17.Nc4 Rad8 18.Qe1 Nf4 19.Qc3 Rd4 20.b4 Qc7 21.Qb3 Rc8 22.Rfd1 h6
23.Ne3 Qc3 24.Rab1 Kf8 25.g3 Nh3 26.Qxc3 Rxc3 27.Kg2 Ng5 28.h4 Nh7 29.Kf2 Nf6
30.Be2 g5 31.hxg5 hxg5 32.g4 Nxe4+ 33.fxe4 Rxe4 34.Rd3 Rf4+ 35.Ke1 Rxd3 36.cxd3 b5
37.a5 Rd4 38.Kd2 e4 39.Kc3 Rd7 40.dxe4 Bxe4 41.Rd1 Rc7+ 42.Kd4 Bb7 43.Rf1 Kg7
44.Bf3 Bxf3 45.Rxf3 Kg6 46.Rf2 Rd7+ 47.Kc5 Rd3 48.Re2 f5 49.gxf5+ exf5 50.Nd5 f4
51.Re6+ Kf5 52.Rxa6 f3 53.Ne7+ Ke5 54.Nc6+ Ke4 55.Ra7 Rd5+ 56.Kb6 f2 57.Re7+ Kf4
58.Rf7+ Rf5 59.Rxf5+ Kxf5 60.Nd4+ Kf6 61.a6 f1=Q 62.a7 Qa1 63.Nb3 Qh1 64.Nd4 Qa8
65.Nxb5 g4 66.Nc7 Qe4 67.a8=Q Qxa8 68.Nxa8 g3 69.b5 g2 70.Kc7 g1=Q 71.b6 Qc5+
72.Kb7 Ke7 73.Nc7 Kd7 74.Na6 Qc6+ 75.Ka7 Kc8 76.Nc5 Qxc5 77.Ka8 Qa5+  0-1

[Event "TCh-CHN 2012"]
[Site "Taizhou CHN"]
[Date "2012.06.28"]
[Round "6"]
[White "Wan Yunguo"]
[Black "Li Shilong"]
[Result "1/2-1/2"]
[WhiteElo "2441"]
[BlackElo "2549"]

1.e4 c5 2.Nf3 Nc6 3.d4 cxd4 4.Nxd4 e6 5.Nc3 Qc7 6.Be2 a6 7.O-O Nf6 8.Be3 Be7
9.f4 d6 10.a4 O-O 11.Kh1 Re8 12.Bd3 Bd7 13.Qe1 Nb4 14.a5 Nxd3 15.cxd3 Bc6
16.Qg3 Bf8 17.Nf3 Nd7 18.b4 Qd8 19.Bd4 f6 20.Be3 d5 21.Rab1 dxe4 22.dxe4 Rc8
23.Nd4 Kh8 24.Qh3 Qe7 25.Bg1 Qf7 26.Rfd1 Nb8 27.b5 axb5 28.Ndxb5 Rcd8 29.Bb6 Rd7
30.Na7 h6 31.Rxd7 Bxd7 32.Qd3 Nc6 33.Rd1 Nxa7 34.Qxd7 Qxd7 35.Rxd7 Nc6 36.Nb5 Re7
37.Rd1 g5 38.fxg5 hxg5 39.Kg1 Kg7 40.Kf2 Kg6 41.Nc7 Ne5 42.Rd8 Bh6 43.Rb8 Rd7
44.Nxe6 Rd2+ 45.Kf1 g4 46.Rxb7 Rd1+ 47.Ke2 Rd2+ 48.Kf1 Rd1+ 49.Ke2 Rd2+ 50.Kf1  1/2-1/2

[Event "7th Vladimir Dvorkovich Cup"]
[Site "Moscow RUS"]
[Date "2012.06.29"]
[Round "1.1"]
[White "Duda,J"]
[Black "Harutyunian,T"]
[Result "1/2-1/2"]
[WhiteElo "2421"]
[BlackElo "2252"]

1.e4 c5 2.Nf3 e6 3.d4 cxd4 4.Nxd4 Nc6 5.Nc3 Qc7 6.Be2 a6 7.O-O Nf6 8.Be3 Bb4
9.Na4 O-O 10.Nxc6 bxc6 11.Nb6 Rb8 12.Nxc8 Rfxc8 13.Bxa6 Rf8 14.Bd3 Bd6 15.f4 e5
16.b3 exf4 17.Bd4 f3 18.e5 f2+ 19.Rxf2 Bxe5 20.Bxe5 Qxe5 21.Rc1 d5 22.c3 Rbe8
23.Bb1 Ne4 24.Qd3 Re6 25.Re2 Rh6 26.h3 Rg6 27.Qd4 Qh5 28.Bxe4 dxe4 29.Rxe4 Qxh3
30.Qf2 Qh5 31.Rce1 Rh6 32.Qf4 Qc5+ 33.Qe3 Qh5 34.Qf4 Qc5+ 35.R4e3 Rg6 36.Qe5 Qa7
37.Qe7 Qb6 38.Qb4 Qa7 39.Qe7 Qb6 40.Qb4 Qa7 41.Qe7  1/2-1/2

[Event "Mukachevo Summer Open"]
[Site "Mukachevo UKR"]
[Date "2012.06.29"]
[Round "6.1"]
[White "Bogdanovich,S"]
[Black "Sivuk,V"]
[Result "1-0"]
[WhiteElo "2515"]
[BlackElo "2454"]

1.e4 c5 2.Nf3 e6 3.d4 cxd4 4.Nxd4 Nc6 5.Nc3 Nf6 6.g3 Bb4 7.Bg2 d5 8.exd5 exd5
9.O-O O-O 10.Bg5 Be7 11.Re1 h6 12.Bf4 Bg4 13.Qd3 Qd7 14.h3 Bh5 15.Qd2 Rfe8
16.a3 Rac8 17.Nb3 Rcd8 18.g4 Bg6 19.Rad1 d4 20.Nb5 d3 21.cxd3 a6 22.Nc3 Bxd3
23.Nd5 Bc4 24.Nxf6+ Bxf6 25.Qxd7 Rxe1+ 26.Rxe1 Rxd7 27.Nc5 Re7 28.Rxe7 Nxe7
29.b3 Bd5 30.Bc1 Bxg2 31.Kxg2 Nc6 32.Nxb7 Be7 33.b4 Nd4 34.Bb2 Ne6 35.Be5 Kf8
36.f4 g6 37.f5 Nd8 38.Nxd8 Bxd8 39.Kf3 Ke8 40.Ke4 Kd7 41.Kd5 Be7 42.Bc3 h5
43.gxh5 gxh5 44.a4 Kc7 45.b5 axb5 46.Ba5+ Kb7 47.axb5 Ba3 48.Kc4 Be7 49.Bb4 Bg5
50.Bc5 Bf4 51.Kd5 Kc7 52.Bd4 Kb7 53.Be5 Bg5 54.f6  1-0

[Event "TCh-CHN 2012"]
[Site "Taizhou CHN"]
[Date "2012.06.29"]
[Round "7"]
[White "Ding Yixin"]
[Black "Munguntuul,B"]
[Result "1/2-1/2"]
[WhiteElo "2350"]
[BlackElo "2451"]

1.e4 c5 2.Nf3 e6 3.d4 cxd4 4.Nxd4 Nc6 5.Nc3 d6 6.Be2 Nf6 7.O-O Be7 8.Be3 O-O
9.f4 e5 10.Nb3 exf4 11.Bxf4 Be6 12.Kh1 d5 13.exd5 Nxd5 14.Nxd5 Qxd5 15.Qxd5 Bxd5
16.Rad1 Be6 17.Bf3 Rfd8 18.Be3 f6 19.Nc5 Bxc5 20.Bxc5 Rac8 21.Rxd8+ Nxd8
22.Bxa7 Rxc2 23.Bd4 Bxa2 24.Ra1 Be6 25.Bc3 Nc6 26.Kg1 Kf7 27.Bd1 Bf5 28.Bxc2 Bxc2
29.Kf2 Ke6 30.Ke3 g6 31.Ra8 g5 32.Re8+ Kd7 33.Rf8 f5 34.Rf7+ Kc8 35.Kd2 Be4
36.Rxh7 Bxg2 37.Rh5 g4 38.Rxf5 Ne7 39.Rg5 Bf3 40.Ke3 Nd5+ 41.Kf2 Nf4 42.Kg3 Ne2+
43.Kh4 Kd7 44.Rxg4 Bxg4 45.Kxg4 Ke6 46.h4 b5 47.h5 Kf7 48.Kg5 Kg8 49.Kh6 Nf4
50.Bd2 Nd3 51.b3 Kf7 52.Bc3 b4 53.Bd4 Nc1 54.Bc5 Nxb3 55.Bxb4 Nd4 56.Bc3 Ne6
57.Be5 Nc5 58.Kg5 Ne6+ 59.Kg4 Kg8 60.Kf5 Ng7+ 61.Bxg7 Kxg7  1/2-1/2